Concepciones del texto e intersubjetividad en cuentacuentos infantiles /

En el contexto de la antropología lingüística y el folklore encontramos distintas propuestas analíticas sobre el texto, convergentes en dos dimensiones de la actividad narrativa (Bauman, 1986; Young, 1984 y Butler, 1992) que plantean categorías analíticas y permiten identificar diferentes planos, el...

Full description

Bibliographic Details
Main Author: Morgade, Marta
Other Authors: Poveda, David
Format: Analitica de revista
Language:Spanish
Published: Madrid, España Fundación Infancia y Aprendizaje 2009
Subjects:

MARC

LEADER 00000cab a2200000 a 4500
001 031923
003 UAHC_CL
005 20170803123423.0
008 090704b sp 000 spa
040 |a UAHC_CL  |c UAHC_CL  |d UAHC_CL 
100 1 |a Morgade, Marta 
245 1 0 |a Concepciones del texto e intersubjetividad en cuentacuentos infantiles /  |c Marta Morgade, David Poveda. 
260 |b Fundación Infancia y Aprendizaje  |a Madrid, España  |c 2009 
300 |a p. 261-280 
500 |a En: Estudios de psicología, 30(2), 2009. p. 261-280. ISSN 02109395. 
500 |a En: Estudios de psicología, 30(2), 2009. p. 261-280. ISSN 02109395. 
520 |a En el contexto de la antropología lingüística y el folklore encontramos distintas propuestas analíticas sobre el texto, convergentes en dos dimensiones de la actividad narrativa (Bauman, 1986; Young, 1984 y Butler, 1992) que plantean categorías analíticas y permiten identificar diferentes planos, elementos y estructuras del discurso. Estas orientaciones pueden formar parte de los repertorios de los hablantes, ser estratégicamente manipuladas y ser producto de diferentes condiciones e ideologías sociales sobre el discurso (Briggs y Bauman, 1992). Un elemento teóricamente relevante, en este contexto, tiene que ver con desentrañar qué concepciones sobre la intersubjetividad (Crossley, 1996) se constituyen en la interrelación de los dos planos del discurso narrativo. En este trabajo realizamos un análisis de las ideologías y actuaciones de los cuentacuentos a través de la relación entre las concepciones del texto y las estructuras intersubjetivas que se presentan en el discurso que los cuentacuentos organizan sobre su actividad narrativa. El objetivo de este análisis es explorar el papel que otorgan a la audiencia en esa práctica de socialización literaria (Poveda, 2003). 
520 |a En el contexto de la antropología lingüística y el folklore encontramos distintas propuestas analíticas sobre el texto, convergentes en dos dimensiones de la actividad narrativa (Bauman, 1986; Young, 1984 y Butler, 1992) que plantean categorías analíticas y permiten identificar diferentes planos, elementos y estructuras del discurso. Estas orientaciones pueden formar parte de los repertorios de los hablantes, ser estratégicamente manipuladas y ser producto de diferentes condiciones e ideologías sociales sobre el discurso (Briggs y Bauman, 1992). Un elemento teóricamente relevante, en este contexto, tiene que ver con desentrañar qué concepciones sobre la intersubjetividad (Crossley, 1996) se constituyen en la interrelación de los dos planos del discurso narrativo. En este trabajo realizamos un análisis de las ideologías y actuaciones de los cuentacuentos a través de la relación entre las concepciones del texto y las estructuras intersubjetivas que se presentan en el discurso que los cuentacuentos organizan sobre su actividad narrativa. El objetivo de este análisis es explorar el papel que otorgan a la audiencia en esa práctica de socialización literaria (Poveda, 2003). 
650 4 |a LITERATURA INFANTIL 
650 4 |a cuentacuentos 
700 1 |a Poveda, David 
759 |a PP066 
773 0 |t Estudios de psicología.  |w 031866 
900 |a ESTUD. PSICOL.-02/09 
942 |c REVA 
952 |0 0  |1 0  |4 0  |6 ESTUD___PSICOL_02_09_000000000000000  |7 0  |8 General  |9 62073  |a BC  |b BC  |c General  |d 2017-08-03  |l 0  |o ESTUD. PSICOL.-02/09  |p FICTICIO2685  |r 2019-01-08 00:00:00  |t 1  |w 2017-08-03  |y REVA 
999 |c 31923  |d 31923